000 00596nam a2200217Ii 4500
003 JO-AjNU
008 230606s9999||||xx |||||||||||||| ||und||
020 _a1-4039-1-0108-2
040 _aJO-AjNU
_beng
_erda
_cJO-AjNU
041 _aeng
050 1 4 _aPS3573.A425 2010
100 3 _aLister, Rachel,
_eauthor
_92475
245 0 0 _aAlic Walker the Color Purple
250 _a1 ed
264 3 1 _aPalgrave macmillan,2010
300 _a174p
336 _atext
_btxt
_2rdacontent
337 _aunmediated
_bn
_2rdamedia
338 _avolume
_bnc
_2rdacarrier
650 4 _a American fiction 
_92476
999 _aE1296
_c1296
_d1296